Metódy riadenia zásob - metóda ABC, LIFO, FIFO a Just-in-time bakalárska práca

Na minha lista:
Detalhes bibliográficos
Autor principal: Poláková, Andrea
Autor Corporativo: Fakulta hospodárskej informatiky EU. Katedra účtovníctva a audítorstva
Outros Autores: Gajdošová, Zuzana, 1988-
Formato: Livro
Idioma:eslovaco
Publicado em: Bratislava 2018
Tags: Adicionar Tag
Sem tags, seja o primeiro a adicionar uma tag!

MARC

LEADER 00000nbm a2200000 4500
001 0245421
005 20181106084130.2
041 0 |a slo 
044 |a SK 
245 1 0 |a Metódy riadenia zásob - metóda ABC, LIFO, FIFO a Just-in-time  |b bakalárska práca  |c Andrea Poláková ; školiteľ: Zuzana Gajdošová 
264 1 |a Bratislava  |c 2018 
300 |a 39 s. 
100 1 |a Poláková, Andrea 
700 1 |a Gajdošová, Zuzana, 1988- 
710 2 |a Fakulta hospodárskej informatiky EU. Katedra účtovníctva a audítorstva